Deception point
When a new NASA satellite detects evidence of an astonishingly rare object buried deep in the Arctic ice, the floundering space agency proclaims a much-needed victory...a victory that has profound implications for U.S. space policy and the impending presidential election.
Bewaard in:
| Hoofdauteur: | |
|---|---|
| Formaat: | Boek |
| Taal: | Undetermined |
| Gepubliceerd in: |
New York
Pocket Books
2001
|
| Onderwerpen: | |
| Tags: |
Voeg label toe
Geen labels, Wees de eerste die dit record labelt!
|
| Thư viện lưu trữ: | Trung tâm Học liệu Trường Đại học Cần Thơ |
|---|
| LEADER | 00890nam a2200229Ia 4500 | ||
|---|---|---|---|
| 001 | CTU_158337 | ||
| 008 | 210402s9999 xx 000 0 und d | ||
| 020 | |c 2.89 | ||
| 082 | |a 813 | ||
| 082 | |b B878 | ||
| 100 | |a Brown, Dan | ||
| 245 | 0 | |a Deception point | |
| 245 | 0 | |c Dan Brown | |
| 260 | |a New York | ||
| 260 | |b Pocket Books | ||
| 260 | |c 2001 | ||
| 520 | |a When a new NASA satellite detects evidence of an astonishingly rare object buried deep in the Arctic ice, the floundering space agency proclaims a much-needed victory...a victory that has profound implications for U.S. space policy and the impending presidential election. | ||
| 650 | |a Americans,Arctic regions,Presidents,Người Mỹ,Vùng Bắc Cực | ||
| 650 | |x Election | ||
| 650 | |z Arctic regions | ||
| 904 | |i Trần Ngọc Thảo, Năm | ||
| 980 | |a Trung tâm Học liệu Trường Đại học Cần Thơ | ||